1161 1242 1679 1820 1015 1108 1522 1936 1015 1899 1655 1247 1055 1523 1529 1468 1968 1784 1011 1266 1728 1308 1594 1123 1143 1854 1316 1817 1640 1270 1933 1860 1448 1547 1245 1487 1188 1224 1038 1392 1369 1980 1347 1058 1135 1155 1065 1969 1657 1974 1329 1877 1255 1300 1448 1474 1939 1503 1250 1272 1889 1454 1442 1469 1938 1001 1904 1785 1979 1451 1777 1244 1380 1000 1308 1015 1699 1151 1892 1239 1062 1096 1118 1124 1966 1525 1501 1457 1517 1510 1729 1022 1996 1568 1794 1717 1048 1823 1693 BCNSPRNW ULIB Ver.6.0+V

เปลี่ยนเป็นภาษาไทย

Change to English
 แสดงรายละเอียดบรรณานุกรม
  กลับหน้าหลัก

Brief Record : Get Marc (ISO 2709) : E-mail record : QR code < ปิดหน้าต่าง
LEADER : 00000nam 2200000uu 4500
001    13399108223
003     ULIB
008    110221s2552||||th 000 0 tha d
020    9786165510431
060 04 WS420^bน315ป 2552
245 00 ปัญหาที่พบบ่อยในเด็ก :^bแนวทางการดูแลรักษา /^cนวลจันทร์ปราบพาล ... [และคนอื่นๆ] บรรณาธิการ
250    พิมพ์ครั้งที่ 2
260    กรุงเทพฯ :^bภาควิชากุมารเวชศาสตร์ คณะแพทยศาสตร์จุฬาลงกรณ์มหาวิทยาลัย,^c2552
300    x, 774 หน้า :^bภาพประกอบ ;^c21 ซม.
650  7 กุมารเวชศาสตร์
650  7 เด็ก^xการดูแล
650  7 เด็ก^xสุขภาพและอนามัย
650  7 เด็ก, โรค^xการป้องกันและรักษา
700 0  นวลจันทร์ ปราบพาล,^eบรรณาธิการ
710 2  จุฬาลงกรณ์มหาวิทยาลัย. ^bคณะแพทยศาสตร์.^bภาควิชากุมารเวชศาสตร์
945    ^p500^l0^i028270
945    ^p500^l0^i028269
945    ^p500^l0^i028267
945    ^p500^l0^i028266
945    ^p500^l0^i028265
945    ^p500^l0^i026844
945    ^p500^l0^i026845
945    ^p500^l0^i026846
945    ^p500^l0^i026847
945    ^p500^l0^i028271
945    ^p500^l0^i028268
995    ทศพร
999 ^a ใช้งานได้ทุกระบบ
รายการนี้ยังไม่มีแท็ก
คุณยังไม่ได้ล็อกอิน คุณสามารถมีกิจกรรมร่วมกับเว็บไซต์ได้ แต่ต้องล็อกอินก่อน ::
  ล็อกอิน

รายการสื่อสารสนเทศ

ลำดับที่ ประเภท เลขเรียก/บาร์โค้ด สถานที่ สถานะ
- ไม่พบข้อมูล -

รายการใกล้เคียง
    หัวเรื่อง [กุมารเวชศาสตร์]
    หัวเรื่อง [เด็ก การดูแล]

BibComment


ยังไม่เคยถูกคอมเมนท์

คอมเมนท์ทรัพยากรรายการนี้
  คอมเมนท์: ปัญหาที่พบบ่อยในเ..


 Copyright 2026. Bcnsprnw @Library